| 000 | 00520nam a2200181Ia 4500 | ||
|---|---|---|---|
| 005 | 20250423095352.0 | ||
| 008 | 250422s9999 xx 000 0 und d | ||
| 020 | _a9781032204765 | ||
| 050 | _aPN 1991.7 .Q53/ | ||
| 100 | _aQuicke, Robert | ||
| 245 | 0 | _aFinding your voice in radio, audio, and podcast production | |
| 260 | _aNew York | ||
| 260 | _bRoutledge | ||
| 260 | _c2024 | ||
| 300 | _a293 p | ||
| 650 | _aRadio authorship. Podcasting. Self-actualization (Psychology) Expression (Philosophy) | ||
| 942 | _cBK | ||
| 999 |
_c30066 _d30066 |
||